Tilastot visalle Sanat: "Tikapuut taivaaseen" - Leevi and the Leavings

Klikkaa tästä pelataksesi tätä visaa!

Yleistilastot

  • Tätä visaa on pelattu 59 kertaa
  • Keskiarvotulos 84 / 128

Vastaustilastot

Tikapuut taivaaseen% Oikein
ja
95%
taivaaseen
91%
taivaaseen,
91%
tikapuita
88%
on.
84%
on
84%
paskannan
84%
Toiset
84%
toiset
84%
auringon
81%
porealtaaseen
81%
sen
81%
sulle
81%
jäljellä
79%
sammuttavat
79%
Teen
79%
teen
79%
temput
79%
toisilleen
79%
etsii
77%
koiralle
77%
mitä
77%
tekee
77%
tihutöitä
77%
tuhoavat
77%
syö
74%
viidakon
74%
hulluksi
72%
saa
72%
sut
72%
näillä
70%
syötän
70%
terrori-iskuilla
70%
epävireeseen
65%
kun
65%
säädän
63%
ihminen
60%
voi
60%
kuinka
58%
oi
58%
päätä
58%
pois
58%
ATK-laitteiston
56%
Jos
56%
NMT:n
56%
toiselta
56%
itkisi
53%
itseltänsä
53%
jää
53%
katsella
53%
maapallo
53%
vois
53%
lahjaksi
49%
silloin
49%
tähdeltä
49%
joltain
47%
lapsille
47%
suu
40%
jäädä
37%
ken
37%
puut
37%
viimeiset
37%
linnuille
35%
luut
35%
Nyt
35%
ruuaksi
35%
vain
35%
hymyyn
33%
luurangon
33%
pääkallon
33%
taivaan
33%
toteutuu
33%
hartaimmat
30%
herkästi
30%
rottien
30%
toiveunetkaan
30%
tuskin
30%
kääntyy
26%
krokotiilinkyyneliäkään
2%

Tulosjakauma

Persentiili vastausten määrän mukaan

Jokaisen tuloksen saaneiden osuus

Tuloshistoriasi

Et ole pelannut tätä visaa